00665nam a2200193Ia 4500008004100000020001500041082001500056100004600071245004800117250000700165260004800172300002600220500001900246600003300265650001600298942000700314952013500321999001500456240925s9999 xx 000 0 und d a8173193967 a515.35 RAI aRai , B; Choudhury ,D. P.; Freedman ,H. I 2aA Course in Ordinary Differential Equations aNA aNew Delhi:bNarosa Publishing Housec,2005. ax,422p.bNAfOriginal aIncludes Index aHumanities & Natural Science aMathematics cBK 001040708HUMaUITUbUITUd2008-01-03eParamount Book Pvt Ltdg395.00l0o515.35 RAIpQ7275r2024-09-25 07:14:32w2024-09-25yBK c9774d9774